[Event "Washington Open Championship"]
[Site "SeaTac City, WA"]
[Date "2012.05.27"]
[Round "3"]
[White "Saletan Emily  (WA)"]
[Black "Jacobson Laura  (WA)"]
[Result "1-0"]
[WhiteElo "931"]
[BlackElo "889"]
[Annotator ""]
[Source ""]
[Remark "Booster"]

1.e4 e5 2.f4 Nc6 3.Nf3 a6 4.fxe5 ( 4.Bc4 h6 5.O-O Bc5+ 6.Kh1
d6 7.fxe5 dxe5 8.d3 Nf6 9.h3 O-O 10.Nc3 Be6 11.Qe2 Qd7 12.g4
h5 13.Ng5 Nd4 14.Qg2 hxg4 15.Nxe6 Nxe6 16.Rxf6 Nf4 17.Rxf4 exf4
18.Nd5 f3 19.Qg3 f2 20.Bf4 b5 21.Bb3 a5 22.a3 Ra6 23.Bxc7 Rh6
24.h4 a4 25.Ba2 Kh7 26.Kg2 f5 27.c3 fxe4 28.Bf4 Rh5 29.dxe4 Rxf4
30.Nxf4 Rh6 31.Bd5 Bb6 32.Rd1 Qc8 33.Qd3 Rxh4 34.e5+ g6 35.Qxg6+
Kh8 36.Qf6+ Kh7 37.Qxh4+ Kg7 38.Qf6+ Kh7 39.Rh1# {0-1, Lauer Helmut 1782 - Napierski Reinhold 1406, Bad Laasphe (Germany) 1994}
) d6 5.exd6 Bxd6 6.Nc3 Nf6 7.d4 Bb4 8.e5 Nd5 9.Bd2 O-O 10.Bc4
Nxc3 11.bxc3 Be7 12.O-O Bg4 13.Qe2 Qd7 14.h3 Bf5 15.Be3 b5 16.Bb3
Na5 17.Nd2 Nxb3 18.Nxb3 Qc6 19.Rxf5 Qg6 20.Rff1 Bh4 21.Bf4 Rae8
22.Nc5 Qc6 23.Rad1 g5 24.Bh2 Kh8 25.e6 fxe6 26.Rxf8+ Rxf8 27.Qe5+
Kg8 28.Nxe6 Qd7 29.Nxf8 Kxf8 30.Qh8+ 1-0

[Event "Washington Open Championship"]
[Site "SeaTac City, WA"]
[Date "2012.05.28"]
[Round "5"]
[White "Campbell Tim  (WA)"]
[Black "He Daniel  (WA)"]
[Result "0-1"]
[WhiteElo "1730"]
[BlackElo "1950"]
[Annotator ""]
[Source ""]
[Remark "Open"]

1.e4 c5 2.Nf3 a6 3.d4 cxd4 4.Nxd4 Nf6 5.Nc3 e5 6.Nf3 Bb4 7.Bd2
O-O 8.Bc4 d6 9.Nd5 Bxd2+ 10.Nxd2 Be6 11.Nxf6+ ( 11.O-O Nc6 12.c3
Bxd5 13.Bxd5 Nxd5 14.exd5 Ne7 15.Qb3 b5 16.Rad1 f5 17.Nf3 Ng6
18.g3 f4 19.h4 fxg3 20.fxg3 Qd7 21.Qc2 Qg4 22.Qg2 h6 23.Nd2 Ne7
24.Ne4 Nf5 25.Rd3 Rf7 26.Qf3 Qxf3 27.Rdxf3 Raf8 28.R1f2 Ne7 29.Rxf7
Rxf7 30.Rxf7 Kxf7 31.Nxd6+ Kf8 32.c4 bxc4 33.Nxc4 Nxd5 34.Nxe5
Ke7 35.Nd3 Kd6 36.Kf2 Ne7 37.Kf3 a5 38.Ke4 Nc6 39.h5 {1-0, Duran Leon Ramon 2119 - Aguilar Juan (PER) 2309, Malaga (Spain) 1984.03.31}
) Qxf6 12.Bb3 Nc6 13.c3 Rad8 14.Nf1 Qg6 15.Ng3 Ne7 16.O-O d5
17.Qd3 Nc6 18.Rad1 d4 19.Nf5 Bxf5 20.exf5 Qf6 21.Bc2 Rd6 22.f4
Rfd8 23.fxe5 Nxe5 24.Qg3 d3 25.Bb1 d2 26.Rf2 Nc4 27.Qf4 b5 28.b3
Na3 29.Be4 Qxc3 30.f6 Rxf6 31.Rfxd2 Rf8 32.Qh4 Qe3+ 33.Kh1 h6
34.Rd8 g5 35.Rxf8+ Kxf8 36.Qg4 Kg7 37.h4 {%02??  The game is likely lost anyway, but this move makes it very bad, very fast.}
( 37.Bf5 ) Rf4 38.Qxf4 Qxf4 39.Bf3 g4 40.Be2 Nc2 41.a4 Ne3 42.Rg1
g3 43.Rf1 Qxh4+ 44.Kg1 Qh2# 0-1

[Event "Washington Open Championship"]
[Site "SeaTac City, WA"]
[Date "2012.05.28"]
[Round "5"]
[White "McAleer James  (WA)"]
[Black "Kiiru Joseph  (WA)"]
[Result "0-1"]
[WhiteElo "1800"]
[BlackElo "1832"]
[Annotator ""]
[Source ""]
[Remark "Premier"]

1.c4 c6 2.g3 d5 3.cxd5 cxd5 4.Nf3 Nc6 5.Bg2 Nf6 6.d3 g6 7.O-O
Bg7 8.Nbd2 O-O 9.Rb1 Re8 10.d4 Bf5 11.Ra1 Nb4 12.Nh4 Bc2 13.Qe1
Ba4 14.Rb1 Rc8 15.b3 Bb5 16.Nhf3 Rc2 17.Rb2 Qc7 18.a3 Na2 19.Rb1
Nc3 20.Rb2 Nxe2+ 21.Kh1 Rxc1 {%02
 (Do you remember the old "Slash and Trash" column that used to run in NWC many
long years ago?  This would have been a very good example for that column.)}
 0-1

[Event "Washington Open Championship"]
[Site "SeaTac City, WA"]
[Date "2012.05.28"]
[Round "5"]
[White "Fagundes Frank  (WA)"]
[Black "Bannon David  (OR)"]
[Result "1-0"]
[WhiteElo "1763"]
[BlackElo "1852"]
[Annotator ""]
[Source ""]
[Remark "Premier"]

1.d4 e6 2.e4 d5 3.Nd2 f5 4.exd5 exd5 5.Ngf3 Nf6 6.Bd3 Nc6 7.O-O
( 7.O-O Be7 8.c3 O-O 9.Qc2 Ne4 10.Bb5 Bd7 11.Bxc6 Bxc6 12.Ne5
Bb5 13.Re1 Bh4 14.g3 Be7 15.a4 Be8 16.Qb3 Nxd2 17.Bxd2 Rb8 {1/2-1/2, Ciurlanti Federico (ARG) 2140 - Zambenetti Victor Luci (ARG) 2070, Buenos Aires (Argentina) 1994}
) Be7 8.Re1 O-O 9.Nf1 Qd6 10.Bg5 h6 11.Bxf6 Bxf6 12.c3 g5 13.Qc2
g4 14.N3d2 Bg5 15.Re2 f4 16.Rae1 Bd7 17.f3 Bh4 18.Rd1 Rf7 19.Bg6
Rg7 20.Bf5 Bxf5 21.Qxf5 Rf8 22.Qe6+ Qxe6 23.Rxe6 Kh7 24.fxg4
Rxg4 25.Nf3 Bd8 26.Rde1 Rfg8 27.R1e2 a5 28.a4 R4g7 29.N1d2 Ne7
30.R6e5 c6 31.Nh4 Nc8 32.Ndf3 Bc7 33.Re6 Nd6 34.R2e5 Nf7 35.Rh5
Bd8 36.Kf1 Bg5 {?} 37.Nf5 Rg6 38.Nxg5+ Nxg5 39.Rxh6+ 1-0

[Event "Washington Open Championship"]
[Site "SeaTac City, WA"]
[Date "2012.05.28"]
[Round "5"]
[White "Collyer Curt  (WA)"]
[Black "Orlov Georgi (WA)"]
[Result "0-1"]
[WhiteElo "2254"]
[BlackElo "2512"]
[Annotator ""]
[Source ""]
[Remark "Open"]

1.d4 Nf6 2.c4 Nc6 3.Nf3 e6 4.a3 d6 5.Bg5 h6 6.Bh4 g5 7.Bg3 Bg7
8.e3 Nh5 9.Nfd2 Nxg3 10.hxg3 O-O 11.Nc3 f5 12.Be2 a6 13.g4 Ne7
14.gxf5 Nxf5 15.Qc2 Bd7 16.Rh2 Rb8 17.O-O-O b5 18.Rdh1 c5 19.dxc5
dxc5 20.g4 Nh4 21.f4 b4 22.axb4 cxb4 23.Nce4 b3 24.Qd3 Qa5 25.Nxb3
Qa2 26.Bd1 Ba4 27.Nc3 {?} Bxc3 28.bxc3 Qa3+ 29.Rb2 Bxb3 30.Qe4
Bxd1 0-1

[Event "Washington Open Championship"]
[Site "SeaTac City, WA"]
[Date "2012.05.28"]
[Round "5"]
[White "Oberly Calvin  (WA)"]
[Black "Gin Kevin  (WA)"]
[Result "1-0"]
[WhiteElo "1044"]
[BlackElo "784"]
[Annotator ""]
[Source ""]
[Remark "Booster"]

1.e4 e5 2.Nf3 Nf6 3.Nc3 Nc6 4.d4 exd4 5.Nxd4 Nxd4 6.Qxd4 c5 7.Qd1
b6 8.Be2 Bb7 9.Bf3 Qc7 10.O-O Be7 11.Re1 O-O 12.e5 Bxf3 13.Qxf3
Rfe8 14.exf6 Bxf6 15.Rxe8+ Rxe8 16.Bf4 Be5 17.Bxe5 Qxe5 18.Qe3
Qxe3 19.fxe3 Rxe3 20.Nd5 Re2 21.Rc1 b5 22.Nc7 b4 23.Na6 d6 24.Kf1
Re7 25.Rd1 Re6 26.Nc7 Re7 27.Na6 ( 27.Rxd6 ) Rd7 28.Nxc5 Rc7
29.Rxd6 g6 30.Nd3 Rxc2 31.Nxb4 Rxb2 32.a3 Rb1+ 33.Ke2 Rb2+ 34.Rd2
Rxd2+ 35.Kxd2 Kf8 36.Nc6 a6 37.Kc3 Ke8 38.Kb4 Kd7 39.Ne5+ Kc7
40.Nxf7 Kb6 41.a4 a5+ 42.Kb3 Kc5 43.Ng5 h5 44.h4 Kd5 45.Nf3 Ke4
46.Kc4 Kf4 47.Kb5 Kg3 1-0

[Event "Washington Open Championship"]
[Site "SeaTac City, WA"]
[Date "2012.05.27"]
[Round "4"]
[White "Orlov Georgi (WA)"]
[Black "Lee Nathan  (WA)"]
[Result "1-0"]
[WhiteElo "2512"]
[BlackElo "2103"]
[Annotator ""]
[Source ""]
[Remark "Open"]

1.d4 d5 2.c4 e6 3.Nf3 Nf6 4.g3 c6 5.Qc2 Bd6 6.Nbd2 Nbd7 7.Bg2
O-O 8.O-O Re8 9.b3 e5 10.cxd5 cxd5 11.dxe5 Nxe5 12.Bb2 Nc6 13.e3
Nb4 14.Qb1 Bd7 15.Nd4 Rc8 16.a3 Nc6 17.Rc1 Ne5 18.Rxc8 Qxc8 19.Qf1
a6 20.N2f3 Qb8 21.Rd1 Ne4 22.Nd2 Ng4 23.Nxe4 dxe4 24.Ne2 Bc6
25.h3 Ne5 26.Nd4 b5 27.Nxc6 Nxc6 28.Qe2 Na5 29.Qd2 Bc7 30.Qc3
f6 31.Rd7 Bd8 32.Qd2 Qa8 33.Bc3 Qc8 34.Qd5+ Kh8 35.Bxe4 Nxb3
36.Qf7 1-0

[Event "Washington Open Championship"]
[Site "SeaTac City, WA"]
[Date "2012.05.27"]
[Round "4"]
[White "He Samuel  (WA)"]
[Black "Ackerman Ryan  (WA)"]
[Result "0-1"]
[WhiteElo "1917"]
[BlackElo "1889"]
[Annotator ""]
[Source ""]
[Remark "Premier"]

1.e4 e6 2.d3 d5 3.Qe2 Be7 4.Nf3 Nf6 5.g3 c5 6.Bg2 Nc6 7.O-O b6
8.e5 Nd7 9.c4 d4 10.h4 h6 ( 10...Bb7 ) 11.Bf4 Bb7 12.h5 Qc7 13.Re1
O-O-O 14.Na3 a6 15.Nc2 Rdg8 16.a3 g5 17.hxg6 Rxg6 18.b4 h5 19.Rab1
h4 20.Rb2 Qd8 21.Reb1 Qg8 22.Na1 h3 23.Bh1 h2+ 24.Kf1 Rg4 25.b5
axb5 26.Rxb5 Rxf4 27.gxf4 Ncxe5 28.Ke1 Bxf3 29.Qf1 Qg1 30.Kd2
Bxh1 31.fxe5 Qxf1 32.Rxf1 Bc6 33.Rbb1 h1Q 34.Rxh1 Rxh1 35.Rxh1
Bxh1 36.f4 Bf3 37.a4 Bh4 38.Nb3 Bg3 39.a5 Bxf4+ 40.Ke1 Kb7 41.axb6
Kxb6 42.Kf1 Bd1 43.Na1 Bc1 44.Ke1 Ba4 45.Nb3 Bxb3 46.Kf1 Nxe5
47.Kg1 Be3+ 48.Kf1 Nxc4 49.Ke1 Nb2 50.Kf1 Nxd3 51.Ke2 Ne5 52.Ke1
Bc4 53.Kd1 Bd3 54.Ke1 c4 55.Kd1 c3 56.Ke1 Nf3+ 57.Kd1 c2# 0-1

[Event "Washington Open Championship"]
[Site "SeaTac City, WA"]
[Date "2012.05.28"]
[Round "5"]
[White "Pupols Viktors  (WA)"]
[Black "Wang Michael  (WA)"]
[Result "1-0"]
[WhiteElo "2235"]
[BlackElo "2128"]
[Annotator ""]
[Source ""]
[Remark "Open"]

1.d4 d5 2.c4 c6 3.Nf3 Nf6 4.Nc3 e6 5.Bg5 Nbd7 6.e3 Qa5 7.Nd2
Bb4 8.Qc2 c5 9.dxc5 dxc4 10.Bxc4 ( 10.Bxc4 Qxc5 11.Bh4 O-O 12.Rc1
a6 13.Qd1 b5 14.Be2 Bxc3 15.Rxc3 Qb4 16.Bf3 Nd5 17.Bg3 Qxb2 18.Rc2
Qb4 19.O-O N7f6 20.e4 Nb6 21.Bc7 Qd4 22.Qe2 Na4 23.Nb3 Qa7 24.Rd1
Bd7 25.Na5 Rac8 26.Rdc1 Nb6 27.Qe3 {1-0, Bellon Lopez Juan Manuel (ESP) 2442 - Karim Ismael (MAR) 2324, Campillos (Spain) 2007.03.01}
) Qxc5 11.Bh4 O-O 12.O-O b6 13.Nce4 Nxe4 14.Nxe4 Qh5 15.Bg3 Bb7
16.Be2 Qf5 17.Qb3 Be7 18.Nd6 Bxd6 19.Bxd6 Nc5 20.Bxc5 Qxc5 21.Rac1
Qg5 22.f3 Rfd8 23.Rfd1 Bd5 24.Qa3 Rac8 25.b4 Rxc1 26.Rxc1 Bxa2
{?!} 27.f4 Qd5 28.Rd1 Qxd1+ 29.Bxd1 Rxd1+ 30.Kf2 Rd2+ 31.Ke1
Rc2 32.Qa4 Rc1+ 33.Kd2 Rc8 34.Qxa2 Rc7 35.g4 Re7 36.g5 f6 37.h4
Kf8 38.f5 g6 39.e4 gxf5 40.exf5 1-0

[Event "Washington Open Championship"]
[Site "SeaTac City, WA"]
[Date "2012.05.28"]
[Round "5"]
[White "Soetedjo James  (WA)"]
[Black "He Samuel  (WA)"]
[Result "0-1"]
[WhiteElo "1618"]
[BlackElo "1917"]
[Annotator ""]
[Source ""]
[Remark "Premier"]

1.e4 g6 2.d4 Bg7 3.Nc3 c5 4.Nf3 cxd4 5.Nxd4 Nc6 6.Be3 Nf6 7.Be2
O-O 8.Qd2 d5 9.Nxc6 bxc6 10.exd5 cxd5 11.Rd1 Bb7 12.Bd4 e6 13.O-O
Qc7 14.Qe3 Rfc8 15.Rfe1 Bc6 16.Bf3 Qb7 17.Rb1 Re8 18.Be5 Nd7
19.Bxg7 Kxg7 20.Ne2 e5 21.g3 Qa6 22.Bg2 f5 23.c3 Qxa2 24.f4 d4
25.cxd4 exf4 26.Qd3 Bxg2 27.Kxg2 Qd5+ 28.Qf3 Qxf3+ 29.Kxf3 fxg3
30.hxg3 Re4 31.Nf4 Rae8 32.Rxe4 fxe4+ 33.Ke3 Nf6 34.Ra1 Re7 35.d5
Kh6 36.Ne6 Nxd5+ 37.Kxe4 Rxe6+ 38.Kxd5 Rb6 39.Rxa7 Rxb2 40.Ke4
Rf2 41.g4 Kg5 42.Rxh7 Kxg4 43.Rg7 Re2+ 44.Kd3 Re6 45.Rf7 g5 46.Rf2
Kg3 47.Ra2 Kf3 48.Kd4 g4 49.Ra8 Rg6 50.Rf8+ Ke2 51.Re8+ Kf2 52.Rf8+
Kg1 53.Ke3 g3 54.Kf3 g2 55.Rc8 Rh6 56.Rc1+ Kh2 57.Rc2 Kh1 58.Rxg2
Rf6+ 0-1

[Event "Washington Open Championship"]
[Site "SeaTac City, WA"]
[Date "2012.05.28"]
[Round "5"]
[White "Wheaton John  (WA)"]
[Black "Mellott Michael  (WA)"]
[Result "1-0"]
[WhiteElo "1465"]
[BlackElo "1181"]
[Annotator ""]
[Source ""]
[Remark "Reserve"]

1.e4 c6 2.d4 d5 3.e5 Bf5 4.Nc3 e6 5.g4 Bg6 6.a3 Nd7 7.h4 h6 8.h5
Bh7 9.Be3 Be7 10.Nh3 f6 11.f4 fxe5 12.fxe5 Qb6 13.Na4 Qa5+ 14.c3
b5 15.Nc5 Nxc5 16.dxc5 Qc7 17.Bd4 Bh4+ 18.Kd2 Qe7 19.Qe2 O-O-O
20.a4 Bg5+ 21.Nxg5 Qxg5+ 22.Ke1 Rf8 23.axb5 Rf4 24.Be3 Be4 25.Bxf4
Qxf4 26.Rh3 Qxe5 27.bxc6 Qb8 28.Qa6+ Kd8 29.Qb7 Qxb7 30.cxb7
Kc7 31.c6 Ne7 32.Rxa7 Nxc6 33.Ra8 Rb8 34.Bb5 Bb1 35.Ba6 Na5 36.Rxb8
Kxb8 37.Rh2 Nxb7 38.Bxb7 Kxb7 39.Rf2 Kc6 40.Rf7 g5 41.hxg6 Bxg6
42.Rf6 Be4 43.Rxe6+ Kd7 44.Rxh6 Ke7 45.Kf2 Kf7 46.Kg3 Kg7 47.g5
Kf7 48.Kf4 Kg7 49.Kg4 Kf7 50.Kh5 Ke7 51.g6 1-0

[Event "Washington Open Championship"]
[Site "SeaTac City, WA"]
[Date "2012.05.28"]
[Round "5"]
[White "Ruddell Craig  (WA)"]
[Black "Teoh Nicholas  (WA)"]
[Result "1/2-1/2"]
[WhiteElo "1570"]
[BlackElo "1406"]
[Annotator ""]
[Source ""]
[Remark "Reserve"]

1.d4 d5 2.Bf4 Nf6 3.Nf3 e6 4.e3 Be7 5.Nbd2 O-O 6.Bd3 Nbd7 7.c4
c6 8.c5 b6 9.b4 a5 10.a3 Bb7 11.O-O axb4 12.axb4 Nh5 13.Bg3 Nxg3
14.hxg3 h6 15.Nh2 e5 16.Bf5 exd4 17.Rxa8 Bxa8 18.exd4 bxc5 19.bxc5
Qc7 20.Ng4 Bb7 21.Nxh6+ gxh6 22.Qg4+ Kh8 23.Bxd7 Bc8 24.Bxc8
Qxc8 25.Qxc8 Rxc8 26.Nf3 Kg7 27.Ra1 Bf6 28.Ra6 Rc7 29.Ne5 Bxe5
30.dxe5 Kg6 31.f4 Kf5 32.Kf2 Ke4 33.Ke2 Kd4 34.Ra8 Re7 35.Kd2
Kxc5 36.Kd3 Re6 37.Rg8 Re7 1/2-1/2

[Event "Washington Open Championship"]
[Site "SeaTac City, WA"]
[Date "2012.05.28"]
[Round "5"]
[White "Roper David  (WA)"]
[Black "Lee Nathan  (WA)"]
[Result "1/2-1/2"]
[WhiteElo "2360"]
[BlackElo "2103"]
[Annotator ""]
[Source ""]
[Remark "Open"]

1.e4 c5 2.Nf3 Nc6 3.d4 cxd4 4.Nxd4 Nf6 5.Nc3 d6 6.Bg5 e6 7.Qd2
Be7 8.O-O-O a6 9.f4 Bd7 10.Nf3 b5 11.e5 b4 12.exf6 bxc3 13.Qxc3
gxf6 14.Bh4 h6 15.Bd3 Rg8 ( 15...Rg8 16.Qd2 Qa5 17.Qxa5 Nxa5
18.h3 f5 19.Bxe7 Kxe7 20.Rd2 Bb5 21.Rg1 Rg3 22.Bxb5 axb5 23.Nd4
Nc4 24.Re2 Kf6 25.Nxb5 Rxa2 26.Kb1 Rxb2+ {0-1, Foglar Stanislav (CZE) 2026 - Snajdr Jiri, Plzen (Czech Republic) 1999}
) 16.Rhe1 d5 17.a3 Qb8 18.g3 Qd8 19.Nd4 Qa5 20.Qxa5 Nxa5 21.b4
Nc6 22.Nxc6 Bxc6 23.Kb2 Bb5 24.f5 Bxd3 25.Rxd3 Kd7 26.c4 Kd6
27.fxe6 fxe6 28.c5+ Kd7 29.h3 h5 30.Re2 Rab8 1/2-1/2

[Event "Washington Open Championship"]
[Site "SeaTac City, WA"]
[Date "2012.05.28"]
[Round "5"]
[White "Saletan Emily  (WA)"]
[Black "Jung Trevor  (WA)"]
[Result "0-1"]
[WhiteElo "1941"]
[BlackElo "931"]
[Annotator ""]
[Source ""]
[Remark "Booster"]

1.e4 e5 2.f4 d6 3.Nf3 Nc6 4.Nc3 a6 5.Bc4 Be7 6.h3 Nf6 7.d3 O-O
8.O-O h6 ( 8...Bd7 9.a3 Be6 10.Nd5 Bxd5 11.exd5 Nb8 12.fxe5 dxe5
13.Nxe5 Qd6 14.d4 Nxd5 15.Nxf7 Rxf7 16.Rxf7 Kxf7 17.Qf3+ Ke6
18.Qg4+ Kf7 19.Qf5+ Ke8 20.Qxd5 Qxd5 21.Bxd5 c6 22.Be4 Bf6 23.c3
h6 24.Bg6+ Kf8 25.Bf4 Nd7 26.Re1 Nb6 27.Kf2 Nd5 28.Bd6+ Kg8 29.Kf3
Rd8 30.Re6 {1-0, Marshall Mario (JAM) 2155 - Kirschner Bruno, San Mateo (USA) 2000}
) 9.fxe5 dxe5 10.Be3 Re8 11.Qe2 Bd6 12.Rad1 Qe7 13.a3 Rd8 14.d4
exd4 15.Bxd4 Nxd4 16.Nxd4 Qe5 17.Nf3 Bc5+ ( 17...Qc5+ ) 18.Kh1
Qe7 19.Rxd8+ Qxd8 20.Nd5 $15 ( 20.e5 {+-} ) Nxd5 $16
( 20...Nh5 ) 21.Bxd5 Be6 22.Bxe6 fxe6 23.Ne5 Qd4 24.Qh5 Qe3 25.Qf7+
Kh8 26.Nd7 Bd6 27.Qxe6 Qg3 28.e5 Qe3 29.Qf5 Bc5 30.b4 Be7 31.Qf7
Qg5 32.Qe6 Rg8 33.Qf7 Kh7 34.c3 Kh8 35.Rf5 Qc1+ 36.Kh2 Bh4 37.Qg6
Qe1 38.Rf3 Bf2 39.Rxf2 Qxf2 40.Nf6 {??} Qf4+ 41.Kg1 gxf6 42.Qh5
Qe3+ 43.Kh1 Qe1+ 44.Kh2 Qg3+ 45.Kh1 Qxg2# 0-1

[Event "Washington Open Championship"]
[Site "SeaTac City, WA"]
[Date "2012.05.28"]
[Round "5"]
[White "Szabo Marcell  (WA)"]
[Black "Singh Ranjeet  (WA)"]
[Result "1-0"]
[WhiteElo "1936"]
[BlackElo "1534"]
[Annotator ""]
[Source ""]
[Remark "Premier"]

1.e4 c5 2.Nf3 g6 3.d4 cxd4 4.Nxd4 Nc6 5.Nc3 Bg7 6.Be3 Nf6 7.Bc4
Qa5 8.O-O O-O 9.f4 d6 10.h3 Bd7 11.Qf3 Rac8 ( 11...Nxd4 12.Bxd4
Qb4 13.b3 Bc6 14.a3 Qa5 15.Nd5 Bxd5 16.Bxd5 e5 17.fxe5 Nxd5 18.exd5
dxe5 19.Bc3 Qc5+ 20.Kh1 e4 21.Bb4 Qxb4 22.axb4 exf3 23.Rad1 fxg2+
24.Kxg2 b5 25.c4 Bc3 26.cxb5 Bxb4 27.d6 Rfd8 28.d7 Rab8 29.Rd5
Rb7 30.Rfd1 f5 31.Kf3 Kf7 32.Kf4 Ke6 33.R5d4 Rbxd7 {0-1, Casteran J - Rivera Daniel (URU) 2332, Uruguay 1984}
) 12.Bb3 Nxd4 13.Bxd4 Bc6 14.Qd3 Rfd8 15.Rad1 e5 16.Be3 exf4
17.Bxf4 Nh5 18.Bd2 Qe5 19.Rxf7 d5 20.Qf3 ( 20.exd5 ) Nf6 21.Bf4
Qe8 22.exd5 Bxd5 23.Nxd5 Nxd5 24.Bxd5 Rxd5 25.Rxg7+ Kxg7 26.Qxd5
Rxc2 27.Qxb7+ 1-0

[Event "Washington Open Championship"]
[Site "SeaTac City, WA"]
[Date "2012.05.27"]
[Round "1"]
[White "McCaffrey JAmes  (WA)"]
[Black "Teoh Nicholas  (WA)"]
[Result "1/2-1/2"]
[WhiteElo "982"]
[BlackElo "1406"]
[Annotator ""]
[Source ""]
[Remark "Reserve"]

1.e4 c5 2.d4 cxd4 3.c3 dxc3 4.Nxc3 Nc6 5.Nf3 g6 6.Bc4 Bg7 7.O-O
Nf6 8.Qe2 O-O 9.Rd1 Ng4 10.h3 Nge5 11.Nxe5 Nxe5 12.Bd5 Nc6 13.Be3
d6 14.Rac1 a6 15.Na4 Bd7 16.Nb6 Rb8 17.a3 Ne5 18.f4 Bb5 19.Qc2
Nd7 20.Nxd7 Qxd7 21.Qf2 Bc6 22.Bd4 Bxd5 23.Bxg7 Kxg7 24.Qd4+
Kg8 25.Qxd5 Rfc8 26.e5 Rc6 27.Qb3 Rbc8 28.Rxc6 Rxc6 29.exd6 Rxd6
30.Rxd6 1/2-1/2

[Event "Washington Open Championship"]
[Site "SeaTac City, WA"]
[Date "2012.05.28"]
[Round "5"]
[White "Bragg David  (WA)"]
[Black "Ummel Igor  (WA)"]
[Result "1/2-1/2"]
[WhiteElo "2200"]
[BlackElo "2021"]
[Annotator ""]
[Source ""]
[Remark "Open"]

1.d4 b6 2.e4 Bb7 3.Nd2 e6 4.Ngf3 g6 5.Bd3 Bg7 6.c3 d6 7.Qc2 Ne7
8.O-O O-O 9.Re1 c5 10.b3 cxd4 11.Nxd4 Nbc6 12.Bb2 Rc8 13.Qd1
d5 14.N2f3 Nxd4 15.Nxd4 Bxd4 16.cxd4 dxe4 17.Bxe4 Bxe4 18.Rxe4
Nd5 19.Qd2 Rc6 20.Rc1 Qc7 21.Ree1 Rc8 22.Rxc6 Qxc6 23.Rc1 Qb7
24.Rxc8+ Qxc8 25.f3 Qc7 26.g3 Kg7 27.Kf2 Qc8 28.Kg2 b5 29.a3
a5 30.Qc1 Qxc1 31.Bxc1 Kf6 32.Kf2 Nb6 33.Ke3 Ke7 34.Kd3 a4 35.bxa4
Nxa4 36.Kc2 Kd6 37.Kb3 Kc6 38.Kb4 f6 39.Kb3 Nb6 40.Kc3 Nd5+ 41.Kd3
Ne7 42.Ke4 Kd6 43.Bf4+ Kd7 44.Bd2 Nc6 45.Bf4 f5+ 46.Kd3 Ne7 47.Bg5
Nd5 48.Bh6 Kc6 49.Bf8 Nc7 50.Bg7 Kd5 51.Bf6 Na6 52.Be5 1/2-1/2

[Event "Washington Open Championship"]
[Site "SeaTac City, WA"]
[Date "2012.05.28"]
[Round "5"]
[White "Wang James  (WA)"]
[Black "Gulamali Faris  (WA)"]
[Result "0-1"]
[WhiteElo "1655"]
[BlackElo "1701"]
[Annotator ""]
[Source ""]
[Remark "Premier"]

1.e4 c5 2.Nf3 Nc6 3.d4 cxd4 4.Nxd4 g6 5.Nc3 Bg7 6.Be3 Nf6 7.Be2
O-O 8.Qd2 d5 9.exd5 Nxd5 10.Nxd5 Qxd5 11.Bf3 Qd7 12.Nxc6 bxc6
13.c3 Qxd2+ ( 13...Rb8 14.Qxd7 Bxd7 15.O-O-O Be6 16.Bf4 Rbc8
17.a3 Bc4 18.Rhe1 Rfe8 19.Rd7 e5 20.Be3 a6 21.Rd6 Bb5 22.Red1
e4 23.Bg4 f5 24.Bh3 Be5 25.Rd7 Bd3 26.g3 c5 27.Bf1 c4 28.Rb7
Rb8 29.Rxb8 Rxb8 30.Bc5 a5 31.a4 g5 32.Bg2 g4 33.Be3 Bxc3 34.bxc3
Rb1+ 35.Kd2 Rb2+ 36.Kc1 Rc2+ 37.Kb1 Rxf2+ 38.Rxd3 Rxg2 39.Rd2
Rxd2 40.Bxd2 Kf7 41.Kc1 Ke6 42.Kd1 h5 43.Ke2 h4 44.Bf4 h3 45.Ke3
Kf6 46.Kd4 Ke6 47.Kxc4 e3 48.Bxe3 Ke5 49.Kd3 Kd5 50.Bf4 Kc5 51.Bc7
Kd5 52.Ke3 Kc4 53.Bxa5 Kb3 {1-0, Rost Thibault - Le Roy Brice (FRA) 2303, Montlucon (France) 1997}
) 14.Bxd2 Rb8 ( 14...Rb8 15.b3 Rd8 16.Rc1 Bf5 17.Be3 Rd3 18.c4
Bb2 19.Rd1 Rxd1+ 20.Bxd1 Bb1 21.a4 a6 22.a5 Bd3 23.f3 Bc3+ 24.Bd2
Bd4 25.h4 e5 26.Rh3 f5 27.g4 fxg4 28.fxg4 e4 29.Be3 c5 30.Kd2
Rd8 31.Ke1 Bc3+ 32.Kf2 Rf8+ 33.Bf3 Bd4 34.Bxd4 cxd4 35.c5 Bb5
36.Kg2 exf3+ 37.Kf2 Bc6 38.Rh1 {0-1, Toivonen Aulis (FIN) 2098 - Verkasalo Tommi (FIN) 2032, Tampere (Finland) 1999}
) 15.Rb1 Bf5 16.Rc1 Rxb2 17.Bxc6 Rxa2 18.Bg5 e6 19.Bd7 h6 20.Bf4
Rd8 21.Bb5 a6 22.Bc4 Ra4 23.Bc7 Rc8 24.Bb3 Ra3 25.Bxe6 Bxe6 26.Bf4
Raxc3 27.O-O Rxc1 28.Rxc1 Rxc1+ 29.Bxc1 a5 30.Kf1 a4 31.Ke2 Bf8
32.Kd2 a3 33.Kc2 a2 34.Bb2 Bd5 35.f3 Bd6 36.h3 g5 37.Ba1 Bf8
38.Bb2 Bg7 39.Bxg7 Kxg7 40.Kb2 Kf6 41.g4 Ke5 42.Ka1 Kf4 43.Kb2
Kxf3 44.Ka1 Kg3 45.Kb2 Kxh3 46.Ka1 Kxg4 47.Kb2 h5 48.Kc2 a1Q
49.Kd2 Qe5 50.Kd3 Qe4+ 51.Kc3 Ba8 52.Kd2 Qf3 53.Kc2 Qe3 0-1

[Event "Washington Open Championship"]
[Site "SeaTac City, WA"]
[Date "2012.05.27"]
[Round "3"]
[White "Ackerman Ryan  (WA)"]
[Black "Fagundes Frank  (WA)"]
[Result "1-0"]
[WhiteElo "1889"]
[BlackElo "1763"]
[Annotator ""]
[Source ""]
[Remark "Premier"]

1.d4 Nf6 2.c4 e6 3.Nc3 Bb4 4.Qc2 c5 5.dxc5 Bxc5 6.Nf3 Nc6 7.a3
d5 8.b4 Nd4 9.Nxd4 ( 9.Nxd4 Bxd4 10.e3 Bb6 11.Bb2 dxc4 12.Rd1
Qe7 13.Bxc4 O-O 14.O-O e5 15.Qb3 Bf5 16.Rc1 Rad8 17.Nd5 Nxd5
18.Bxd5 Rc8 19.e4 Bg6 20.Qg3 Rce8 21.Rc4 Kh8 22.a4 f5 23.exf5
Bxf5 24.a5 Bd4 25.Bxd4 exd4 26.Rxd4 Rd8 27.Rfd1 Bc2 28.Rc1 Bg6
29.h4 Rd7 30.Qe3 Qd8 31.Rcd1 b6 32.Be4 Rxd4 33.Rxd4 Qf6 34.Bxg6
Qxg6 35.Qe7 Qf5 36.f3 bxa5 37.Rd8 Kg8 38.Rxf8+ Qxf8 39.Qxf8+
Kxf8 40.bxa5 Ke7 41.Kf2 Kd6 42.g4 Kc5 43.f4 Kb5 44.f5 Kc5 45.Ke3
Kd5 46.Kf4 Kd6 47.Ke4 h6 48.Kd4 Ke7 49.Ke5 Kf7 50.g5 hxg5 51.hxg5
Ke7 52.f6+ gxf6+ 53.gxf6+ Kd7 54.Kd5 {1-0, Ippolito Dean (USA) 2430 - Viloria John (USA) 2340, New York (USA) 1998}
) Bxd4 10.e3 Be5 11.Bb2 O-O 12.Be2 dxc4 13.Rd1 Bd7 14.f4 Bxc3+
15.Qxc3 Qc7 16.O-O Rac8 17.Rf3 Rfd8 18.Rg3 e5 19.Bf3 Be6 20.Rxd8+
Rxd8 21.Qc1 c3 22.Qxc3 Qxc3 23.Bxc3 exf4 24.Bxf6 fxg3 25.Bxd8
gxh2+ 26.Kxh2 b6 27.Bc7 b5 28.Bc6 a6 29.Bb7 Bd7 30.Bxa6 Kf8 31.a4
bxa4 32.b5 f6 33.b6 Bc6 34.Bd6+ 1-0

[Event "Washington Open Championship"]
[Site "SeaTac City, WA"]
[Date "2012.05.27"]
[Round "1"]
[White "Colasurdo James  (WA)"]
[Black "Singh Ranjeet  (WA)"]
[Result "1-0"]
[WhiteElo "1833"]
[BlackElo "1534"]
[Annotator ""]
[Source ""]
[Remark "Premier"]

1.d4 Nf6 2.c4 c5 3.d5 b5 4.cxb5 a6 5.bxa6 Bxa6 6.b3 g6 7.Bb2
d6 8.g3 Bg7 9.Bg2 O-O 10.Qc2 Nbd7 11.h3 Qb6 12.Nd2 Rfb8 13.Rb1
Ra7 14.Bc3 Qc7 15.Qb2 Nb6 16.Qa1 c4 17.e4 cxb3 18.Rxb3 Na4 19.Bd4
Nc5 20.Rxb8+ Qxb8 21.Bf1 Bxf1 22.Kxf1 Qb5+ 23.Kg2 Qd3 24.Ngf3
Ra3 25.Re1 Qa6 26.Rb1 h6 27.Qb2 Rxa2 28.Qb8+ Kh7 29.Qd8 Ncxe4
30.Nxe4 Nxe4 31.Rb8 Rxf2+ 32.Bxf2 g5 33.Qg8+ Kg6 34.Rf8 Qe2 35.Qxf7+
Kh7 36.Qf5# 1-0

[Event "Washington Open Championship"]
[Site "SeaTac City, WA"]
[Date "2012.05.27"]
[Round "1"]
[White "Oberly Calvin  (WA)"]
[Black "Hare Howard  (WA)"]
[Result "0-1"]
[WhiteElo "1044"]
[BlackElo "1327"]
[Annotator ""]
[Source ""]
[Remark "Booster"]

1.e4 d5 2.exd5 Qxd5 3.c4 Qd8 4.Nf3 c6 5.Nc3 Bf5 6.d4 Nf6 7.Be2
e6 8.O-O Bd6 9.c5 Bc7 10.Bg5 O-O 11.Bd3 Bg4 12.Ne4 Nbd7 13.h3
Bh5 14.Nd6 Bxd6 15.cxd6 h6 16.Bf4 Nd5 17.Bg3 N7f6 18.a3 Ne8 19.Bc2
Nxd6 20.Qd3 Bg6 21.Qb3 Bxc2 22.Qxc2 Nf5 23.Bh2 Qb6 24.Rad1 Rad8
25.Rfe1 Rd7 26.Ne5 Rdd8 27.Nc4 Qb5 28.Ne3 Nde7 29.Qc3 Rd7 30.Nc2
Nd5 31.Qc5 Qxb2 32.Rb1 Qc3 33.Qxc3 Nxc3 34.Rb3 Nb5 35.Re4 Nfd6
36.Rg4 Nf5 37.Be5 f6 38.Bf4 g5 39.Be3 Nxe3 40.fxe3 f5 41.Rg3
Kh7 42.a4 Nd6 43.Rf3 Ne4 44.Rf1 Nd2 0-1